000 00624nam a22001697a 4500
005 2012050504284.0
020 _a8175344849
_c225.00
035 _aB-167996
037 _aDPL
_bENG
100 _aSingh, Avtar
_946512
245 _aTextbook on the transfer of property Act /
_cby Avtar Singh and Harpreet Kaur
260 _aNew Delhi
_bUniversal Law Publishing Co.
_c2006
300 _axxvii, 412p.
_c22 cms.
700 _aKaur, Harpreet
_946513
942 _2ddc
_cEN
_h347.07
_mAVT
999 _c66238
_d66238